000 00951nam a2200313 a 4500
001 000107803
003 CHAP
005 20230523124748.0
008 131106s2008 mx |r| |||1|||spa d
010 _a104265
011 _a105237
020 _a9701065107
040 _cCHAP
082 0 4 _a515.63
_bZ69 2008
100 0 0 _aZill, Dennis G.
_9124022
245 1 0 _aMatemáticas avanzadas para ingeniería 2 :
_bCálculo vectorial, análisis de fourier y análisis complejo /
_cpor Dennis G. Zill y Michael R. Cullen.
250 _a3 ed.
260 _aMéxico :
_bMcGraw-Hill,
_c2008.
300 _axxx, [600].
534 _pTít. original :
_tAdvanced engineering mathematics
590 _aE5652GLJ
_b05
_c20131106
_lUCH01
_h0944
650 1 4 _aAnálisis de Fourier
_95968
650 1 4 _aCálculo vectorial.
_923999
650 1 4 _aMatemáticas.
_972901
700 1 _aCullen Michael R.
_9124418
901 _aBK
942 _cLIBRO
942 _n0
999 _c104265
_d104265